000 00422nam a2200169Ia 4500
008 230524s9999 xx 000 0 und d
020 _a8122403484
082 _a537
_bERI
100 _aErich Gelder
245 4 _aThe Transistors as AF-Amplifier Output Stages Pi-24
250 _a1ST
260 _aNEW DELHI
_bWiley Eastern
_c1991
300 _a71
500 _aQuantity Number: 2
650 _aPhysics
942 _cBK
999 _c25769
_d25769